Ethnic Groups and Languages of Nigeria (with states) - Statistics

General Stats
  • This quiz has been taken 140 times
    134 since last reset
  • The average score is 7 of 18
Answer Stats
Language Group Language Ethnic Group Number in Nigeria State % Correct
Volta-Niger Igbo Igbo people 40 million Anambra, Abia, Imo States and more
100%
Volta-Niger Yoruba Yoruba people 43 million Lagos, Ogun, Oyo, Osun, Ondo States and more
100%
Afro-Asiatic - Chadic Hausa Hausa people 61 million Northern Nigeria
99%
Atlantic Fula (Fulfulde) Fula/Fulani people (Fulɓe) 13 million Northern Nigeria
82%
Benue-Congo Edo Edo people 3,8 million Edo State
55%
Nilo-Saharan - Saharan Kanuri Kanuri people 11 million Borno State
51%
Ijoid Ijaw languages Ijaw people 4 million Bayelsa State
41%
Benue-Congo - Cross River Ibibio Ibibio people 8 million Akwa Ibom State
37%
Benue-Congo Tiv Tiv people 6 million Benue State
35%
Volta-Niger - Nupoid Nupe Nupe people 4,5 million Niger State
28%
Benue-Congo Isoko Isoko people 2 million Isoko region (in Delta State)
26%
Volta-Niger - Nupoid Gwari Gbagyi people 1 million Minority in Kaduna State
17%
Volta-Niger Idoma Idoma people 3,5 million Minority in Benue State
15%
Benue-Congo Urhobo Urhobo people 4,5 million Delta State
12%
Volta-Niger - Nupoid Ebira Ebira people 2 million Minority in Kogi State
11%
Volta-Niger - Yoruboid Igala Igala people 2-4 million Kogi State
11%
Benue-Congo Jagham/Ejagham/Ekoi Ejagham/Ekoi people 3 million Cross River State
7%
Benue-Congo - Cross River Ogoni languages Ogoni people 2 million Minority in Rivers State
7%
No matching quizzes found
Score Distribution
Percent of People with Each Score
Percentile by Number Answered
Your Score History
You have not taken this quiz since the last reset